guess the random adele song #5 - Statistics

General Stats
  • This quiz has been taken 61 times
  • The average score is 104 of 240
Answer Stats
Answer % Correct
i
98%
you
95%
a
89%
the
86%
love
84%
me
71%
in
63%
my
63%
an
59%
do
59%
to
57%
be
55%
like
52%
your
52%
and
50%
hear
50%
one
48%
so
48%
i'm
45%
it
45%
only
43%
there
41%
with
38%
heart
36%
that
36%
then
36%
as
34%
of
32%
up
30%
could
29%
for
29%
made
29%
name
29%
say
29%
us
29%
feel
25%
i've
23%
under
23%
why
23%
every
21%
give
21%
right
21%
stone
21%
melt
20%
try
20%
way
20%
best
18%
but
18%
down
18%
forever
18%
air
16%
fall
16%
feet
16%
found
16%
head
16%
there's
16%
words
16%
you've
16%
leave
14%
tidy
14%
without
14%
again
13%
back
13%
bricks
13%
forgive
13%
hand
13%
myself
13%
time
13%
weak
13%
which
13%
begin
11%
bleed
11%
broken
11%
burst
11%
each
11%
excusing
11%
intentions
11%
knees
11%
knowing
11%
link
11%
once
11%
own
11%
pulls
11%
repeating
11%
standing
11%
steal
11%
through
11%
tune
11%
turns
11%
around
9%
burnt
9%
desperately
9%
ground
9%
instead
9%
pretendings
9%
tear
9%
turned
9%
whenever
7%
build
5%
forgiven
5%
No matching quizzes found
Score Distribution
Percent of People with Each Score
Percentile by Number Answered
Your Score History
You have not taken this quiz